[Event "Mediterranean zonal 5 (w)"]
[Site "Pula YUG"]
[Date "1990.??.??"]
[Round "?"]
[White "Micic, Jordanka"]
[Black "Botsari, Anna-Maria"]
[Result "0-1"]
[WhiteElo "2210"]
[BlackElo "2205"]
[EventDate "1990.??.??"]
[PlyCount "30"]

1.e4 e5 2.Nf3 Nc6 3.Nc3 Nf6 4.d4 exd4 5.Nd5 Be7 6.Bf4 O-O 7.Bxc7 Qe8 8.
Nxe7+ Qxe7 9.e5 Ne8 10.Nxd4 Nxc7 11.Nxc6 dxc6 12.Qd6 Qxd6 13.exd6 Re8+ 14.
Be2 Nd5 15.Kd2 Nf6 0-1

[Event "Mediterranean zonal 5 (w)"]
[Site "Pula YUG"]
[Date "1990.??.??"]
[Round "?"]
[White "Micic, Jordanka"]
[Black "Kondou, Eva"]
[Result "1-0"]
[WhiteElo "2210"]
[BlackElo "2240"]
[EventDate "1990.??.??"]
[PlyCount "51"]

1.e4 c5 2.Nf3 Nc6 3.Bb5 d6 4.O-O Bd7 5.Re1 a6 6.Bxc6 Bxc6 7.d4 cxd4 8.Nxd4
e6 9.c4 Rc8 10.b3 Nf6 11.Nc3 Be7 12.Bb2 O-O 13.Nxc6 Rxc6 14.Qe2 Qa5 15.
Rad1 Rfc8 16.Nd5 exd5 17.exd5 R6c7 18.Bxf6 gxf6 19.Qg4+ Kf8 20.Re3 Qxa2 
21.Rg3 Ke8 22.Qe4 Kf8 23.Qxh7 Ke8 24.Qe4 Kf8 25.Qh7 Ke8 26.Re1 1-0

[Event "Mediterranean zonal 5 (w)"]
[Site "Pula YUG"]
[Date "1990.??.??"]
[Round "?"]
[White "Micic, Jordanka"]
[Black "Maksimovic, Suzana"]
[Result "0-1"]
[WhiteElo "2210"]
[BlackElo "2280"]
[EventDate "1990.??.??"]
[PlyCount "80"]

1.e4 c5 2.Nf3 Nc6 3.d4 cxd4 4.Nxd4 Nf6 5.Nc3 e5 6.Ndb5 d6 7.Bg5 a6 8.Na3 
b5 9.Nd5 Be7 10.Bxf6 Bxf6 11.c3 O-O 12.Nc2 Rb8 13.Be2 Bg5 14.Qd3 Kh8 15.
Rd1 a5 16.O-O Be6 17.Na3 Na7 18.Kh1 Rc8 19.c4 b4 20.Nc2 Rc5 21.Nde3 Nc8 
22.b3 g6 23.a3 bxa3 24.Nxa3 f5 25.f3 Qb6 26.Ra1 Ne7 27.Nec2 Rcc8 28.Nb5 
Rcd8 29.Qc3 Nc6 30.Rad1 Qc5 31.Rd3 fxe4 32.fxe4 Rxf1+ 33.Bxf1 Bg4 34.Ne3 
Rf8 35.Qe1 Bxe3 36.h3 Bf2 37.Qd2 Bh5 38.Be2 Bxe2 39.Qxe2 Nd4 40.Qg4 Rf4 
0-1

[Event "Mediterranean zonal 5 (w)"]
[Site "Pula YUG"]
[Date "1990.??.??"]
[Round "?"]
[White "Micic, Jordanka"]
[Black "Nikolin, Zorica"]
[Result "1/2-1/2"]
[WhiteElo "2210"]
[BlackElo "2220"]
[EventDate "1990.??.??"]
[PlyCount "20"]

1.d4 Nf6 2.c4 g6 3.Nc3 Bg7 4.Nf3 O-O 5.g3 d6 6.Bg2 Nc6 7.O-O e5 8.dxe5 
Nxe5 9.Nxe5 dxe5 10.Qxd8 Rxd8 1/2-1/2

[Event "Mediterranean zonal 5 (w)"]
[Site "Pula YUG"]
[Date "1990.??.??"]
[Round "?"]
[White "Micic, Jordanka"]
[Black "Petraki, Maria"]
[Result "1-0"]
[WhiteElo "2210"]
[BlackElo "2055"]
[EventDate "1990.??.??"]
[PlyCount "75"]

1.e4 e6 2.d4 d5 3.Nc3 Bb4 4.exd5 exd5 5.Bd3 Nc6 6.a3 Bxc3+ 7.bxc3 Nge7 8.
Qh5 Be6 9.Rb1 b6 10.Bg5 Qd6 11.Ne2 O-O-O 12.O-O Rde8 13.a4 Ng6 14.Bd2 Ref8
15.f4 f5 16.Ba6+ Kb8 17.Nc1 Rf6 18.Nb3 Ka8 19.a5 Bc8 20.Bd3 Nge7 21.Ra1 
Rh6 22.Qg5 Rg6 23.Qh4 Rh6 24.Qg3 Rg6 25.Qf3 Ng8 26.c4 Nf6 27.cxd5 Qxd5 28.
Qxd5 Nxd5 29.Be2 Rd8 30.c4 Nf6 31.d5 Ne7 32.axb6 cxb6 33.Be3 Kb7 34.Rfb1 
Ne4 35.Nc5+ Nxc5 36.Bxc5 Ng8 37.Bf3 Nf6 38.Rxa7+ 1-0

[Event "Mediterranean zonal 5 (w)"]
[Site "Pula YUG"]
[Date "1990.??.??"]
[Round "?"]
[White "Bojkovic, Natasa"]
[Black "Micic, Jordanka"]
[Result "1/2-1/2"]
[WhiteElo "2270"]
[BlackElo "2210"]
[EventDate "1990.??.??"]
[PlyCount "81"]

1.e4 Nc6 2.Nf3 d6 3.d4 Nf6 4.Nc3 Bg4 5.Bb5 a6 6.Bxc6+ bxc6 7.h3 Bh5 8.Qe2 
e6 9.Bg5 Be7 10.g4 Bg6 11.Bxf6 Bxf6 12.h4 h5 13.g5 Be7 14.O-O-O Qb8 15.Nd2
d5 16.f4 dxe4 17.Nc4 Bd6 18.Ne5 Bxe5 19.fxe5 Bf5 20.Rd2 g6 21.Nxe4 Bxe4 
22.Qxe4 Qb5 23.Rd3 Qd5 24.Re1 Rb8 25.Ra3 Rb6 26.Ree3 Qc4 27.Qd3 Qb4 28.Rb3
Qa4 29.Ra3 Qb4 30.Rb3 Qa4 31.Kb1 O-O 32.Ra3 Qb4 33.Rb3 Qa4 34.Ra3 Qb4 35.
Rb3 Qa4 36.Qc3 Rd8 37.Rd3 Rd5 38.Ra3 Qb5 39.Rb3 Qa4 40.Ra3 Qb5 41.Rb3 
1/2-1/2

[Event "Mediterranean zonal 5 (w)"]
[Site "Pula YUG"]
[Date "1990.??.??"]
[Round "?"]
[White "Bojkovic, Natasa"]
[Black "Maksimovic, Suzana"]
[Result "1/2-1/2"]
[WhiteElo "2270"]
[BlackElo "2280"]
[EventDate "1990.??.??"]
[PlyCount "92"]

1.e4 c5 2.Nf3 Nc6 3.c3 d6 4.d4 Nf6 5.d5 Nb8 6.Bd3 Bg4 7.O-O g6 8.h3 Bxf3 
9.Qxf3 Bg7 10.Bg5 Nbd7 11.Nd2 O-O 12.a4 Ne5 13.Qe2 Qc7 14.f4 Nxd3 15.Qxd3 
Rfe8 16.Nc4 Nd7 17.Rf2 b6 18.Raf1 a6 19.Ne3 c4 20.Nxc4 b5 21.axb5 axb5 22.
Ne3 Nc5 23.Qc2 Ra4 24.b4 Nd7 25.e5 dxe5 26.f5 Nf6 27.Bxf6 Bxf6 28.fxg6 
fxg6 29.Ng4 Bg7 30.Rf7 Rxb4 31.Qf2 Rf4 32.Rxf4 exf4 33.Qe2 Qb6+ 34.Kh1 h5 
35.Ne5 Qd6 36.Nd3 e5 37.dxe6 Rxe6 38.Qf3 Re3 39.Qa8+ Kh7 40.Nxf4 Rxc3 41.
Qe8 b4 42.Ne6 Qc6 43.Ng5+ Kh6 44.Nf7+ Kh7 45.Ng5+ Kh6 46.Qb8 Rc1 1/2-1/2

[Event "Mediterranean zonal 5 (w)"]
[Site "Pula YUG"]
[Date "1990.??.??"]
[Round "?"]
[White "Bojkovic, Natasa"]
[Black "Basagic, Vesna"]
[Result "1-0"]
[WhiteElo "2270"]
[BlackElo "2270"]
[EventDate "1990.??.??"]
[PlyCount "65"]

1.e4 e5 2.Nf3 Nc6 3.d4 exd4 4.Nxd4 Qf6 5.Nb3 Qg6 6.Qe2 Nf6 7.f3 Bb4+ 8.Bd2
Bxd2+ 9.Qxd2 O-O 10.Nc3 d5 11.exd5 Nb4 12.O-O-O Rd8 13.Bc4 c6 14.Rhe1 b5 
15.Bf1 Bf5 16.Nd4 Nfxd5 17.Nxd5 Nxd5 18.g4 Bd7 19.Nxb5 Bxg4 20.fxg4 cxb5 
21.Bg2 Rac8 22.Be4 Qc6 23.Qg2 Qc4 24.Bxd5 Rxd5 25.Rxd5 Qxa2 26.Qe4 g6 27.
Qd4 Qa1+ 28.Kd2 Qa5+ 29.c3 Qc7 30.Re2 a5 31.Rd7 Qb8 32.Qd6 Qa8 33.Qd5 1-0

[Event "Mediterranean zonal 5 (w)"]
[Site "Pula YUG"]
[Date "1990.??.??"]
[Round "?"]
[White "Bojkovic, Natasa"]
[Black "Oney, Fatmanur"]
[Result "1/2-1/2"]
[WhiteElo "2270"]
[BlackElo "2020"]
[EventDate "1990.??.??"]
[PlyCount "102"]

1.e4 c5 2.Nf3 Nc6 3.d4 cxd4 4.Nxd4 Nf6 5.Nc3 d6 6.Bc4 Bd7 7.Bg5 e6 8.Be3 
a6 9.Bb3 Be7 10.Qe2 Qc7 11.O-O-O O-O 12.g4 Nxd4 13.Rxd4 Bc6 14.g5 Nd7 15.
Rg1 Nc5 16.Qh5 Nxb3+ 17.axb3 Qa5 18.Kb1 Rac8 19.b4 Qc7 20.e5 dxe5 21.Rh4 
h6 22.gxh6 g6 23.Rhg4 Kh8 24.Qh3 Rg8 25.Qf1 Bf3 26.R4g3 Be4 27.Qe2 Bf5 28.
Bg5 Bxg5 29.Rxg5 Kh7 30.Ne4 Bxe4 31.Qxe4 Qc4 32.Rxe5 Qxe4 33.Rxe4 Kxh6 34.
Rd1 Rgd8 35.Red4 Rxd4 36.Rxd4 Rc7 37.c3 Kg7 38.Kc2 e5 39.Rd6 f5 40.f3 Kf7 
41.Kd3 Re7 42.Rb6 Rd7+ 43.Ke3 Re7 44.Kf2 g5 45.Rd6 e4 46.fxe4 Rxe4 47.Rb6 
Re7 48.Kg3 Re3+ 49.Kf2 Re7 50.Kg3 Re3+ 51.Kf2 Re7 1/2-1/2

[Event "Mediterranean zonal 5 (w)"]
[Site "Pula YUG"]
[Date "1990.??.??"]
[Round "?"]
[White "Botsari, Anna-Maria"]
[Black "Kondou, Eva"]
[Result "1-0"]
[WhiteElo "2205"]
[BlackElo "2240"]
[EventDate "1990.??.??"]
[PlyCount "105"]

1.d4 Nf6 2.c4 e6 3.Nc3 Bb4 4.Qc2 O-O 5.a3 Bxc3+ 6.Qxc3 b6 7.Bg5 Bb7 8.f3 
d6 9.Nh3 Nbd7 10.e4 c5 11.d5 h6 12.Bd2 exd5 13.cxd5 Re8 14.O-O-O Ne5 15.
Nf2 Bc8 16.g4 Nh7 17.h4 Bd7 18.Be2 b5 19.f4 Nc4 20.Bxc4 bxc4 21.Qf3 Ba4 
22.Rdg1 Rb8 23.g5 Qb6 24.Bc3 Qb3 25.Qe2 Qa2 26.f5 Qa1+ 27.Kd2 Rxb2+ 28.
Bxb2 Qxb2+ 29.Ke3 Qxa3+ 30.Kf4 h5 31.Ra1 Qb4 32.Rhb1 Bb3 33.Rxa7 Qc3 34.
Qb2 Qd4 35.Qxd4 cxd4 36.Ra6 Rd8 37.Rba1 c3 38.Ra8 Rxa8 39.Rxa8+ Nf8 40.Rc8
Ba4 41.e5 Bd7 42.Rc7 g6 43.f6 Bf5 44.Ne4 Nd7 45.Nxd6 Nb6 46.Rc5 c2 47.e6 
Nxd5+ 48.Ke5 Bxe6 49.Rxc2 Nb4 50.Rd2 Nc6+ 51.Kf4 Kf8 52.Rb2 Bd5 53.Rb5 1-0

[Event "Mediterranean zonal 5 (w)"]
[Site "Pula YUG"]
[Date "1990.??.??"]
[Round "?"]
[White "Botsari, Anna-Maria"]
[Black "Makropoulou, Marina"]
[Result "1-0"]
[WhiteElo "2205"]
[BlackElo "2230"]
[EventDate "1990.??.??"]
[PlyCount "81"]

1.d4 Nf6 2.c4 g6 3.Nc3 Bg7 4.e4 O-O 5.f3 c6 6.Bg5 h6 7.Be3 d5 8.e5 Ne8 9.
cxd5 cxd5 10.Qd2 Kh7 11.h4 f5 12.Nh3 Nc7 13.h5 g5 14.Bxg5 Nc6 15.Be3 Rb8 
16.Bd3 Ne6 17.Ne2 Qa5 18.Qxa5 Nxa5 19.g4 Nd8 20.Nhf4 Nc4 21.Bc1 Nb6 22.b3 
Kg8 23.Ng6 fxg4 24.Nxf8 Kxf8 25.f4 Nc6 26.Ba3 Kg8 27.Rc1 Bd7 28.f5 Rf8 29.
f6 exf6 30.Bxf8 Kxf8 31.Rf1 Ke7 32.Bf5 fxe5 33.dxe5 Bxe5 34.Bxd7 Nxd7 35.
Nf4 Bxf4 36.Rxf4 Nde5 37.Ke2 d4 38.Rg1 Ke6 39.Rgxg4 Nxg4 40.Rxg4 Ne5 41.
Rxd4 1-0

[Event "Mediterranean zonal 5 (w)"]
[Site "Pula YUG"]
[Date "1990.??.??"]
[Round "?"]
[White "Botsari, Anna-Maria"]
[Black "Markovic-Jovanovic, Gordana"]
[Result "0-1"]
[WhiteElo "2205"]
[BlackElo "2230"]
[EventDate "1990.??.??"]
[PlyCount "80"]

1.d4 e6 2.c4 f5 3.g3 Nf6 4.Bg2 d5 5.Nf3 c6 6.O-O Bd6 7.Bf4 Bxf4 8.gxf4 O-O
9.e3 Qe7 10.Qe2 Bd7 11.Ne5 Be8 12.Qc2 Ne4 13.f3 Nd6 14.b3 Rf6 15.Qf2 Rh6 
16.Kh1 Nd7 17.Rg1 dxc4 18.Nxc4 Nxc4 19.bxc4 c5 20.d5 Nb6 21.Nc3 Nxc4 22.
Rac1 Nb6 23.dxe6 Qxe6 24.e4 Rc8 25.Bf1 Qf6 26.Rg5 Bd7 27.Ne2 fxe4 28.fxe4 
Bc6 29.Bg2 Nd7 30.e5 Qf7 31.Ng3 Rg6 32.Rf5 Qe6 33.Rh5 Qf7 34.Rg1 Rg4 35.
Bxc6 Rxc6 36.Qc2 g6 37.e6 Qxe6 38.f5 Qd5+ 39.Rg2 gxh5 40.h3 Rxg3 0-1

[Event "Mediterranean zonal 5 (w)"]
[Site "Pula YUG"]
[Date "1990.??.??"]
[Round "?"]
[White "Botsari, Anna-Maria"]
[Black "Nikolin, Zorica"]
[Result "1-0"]
[WhiteElo "2205"]
[BlackElo "2220"]
[EventDate "1990.??.??"]
[PlyCount "117"]

1.d4 Nf6 2.c4 g6 3.Nc3 Bg7 4.e4 d6 5.f3 O-O 6.Bg5 c5 7.d5 e6 8.Qd2 exd5 9.
cxd5 a6 10.a4 Re8 11.Nge2 Nbd7 12.Nd1 h6 13.Be3 Ne5 14.Nec3 Nh7 15.Nf2 h5 
16.Be2 Bd7 17.O-O f5 18.h3 Nf6 19.Rab1 Rc8 20.b4 cxb4 21.Rxb4 Rxc3 22.Qxc3
fxe4 23.f4 Nf7 24.Qb3 Bc8 25.Rc4 Nh6 26.Rfc1 Bd7 27.Qxb7 Nf5 28.Bb6 Qe7 
29.Re1 e3 30.Nd1 Bh6 31.Bf3 Qf8 32.Ba7 Bc8 33.Qb3 e2 34.Rxe2 Rxe2 35.Bxe2 
Qe8 36.Bf1 Bd7 37.Rb4 Qe7 38.Rb8+ Kh7 39.g3 Bg7 40.Bf2 Qe4 41.Bg2 Qxa4 42.
Qxa4 Bxa4 43.Nc3 Nd7 44.Rc8 Bb3 45.Rc7 Kh8 46.g4 hxg4 47.hxg4 Nh6 48.Ne4 
Nf8 49.Nxd6 Nxg4 50.Ne8 Nxf2 51.Rxg7 Nd3 52.Rf7 Kg8 53.Rb7 Ba4 54.Nf6+ Kh8
55.d6 Nc5 56.Rf7 Ncd7 57.Nxd7 Nxd7 58.Bh3 Kg8 59.Rxd7 1-0

[Event "Mediterranean zonal 5 (w)"]
[Site "Pula YUG"]
[Date "1990.??.??"]
[Round "?"]
[White "Kondou, Eva"]
[Black "Bojkovic, Natasa"]
[Result "1/2-1/2"]
[WhiteElo "2240"]
[BlackElo "2270"]
[EventDate "1990.??.??"]
[PlyCount "133"]

1.e4 c5 2.Nf3 e6 3.d4 cxd4 4.Nxd4 a6 5.Bd3 Nf6 6.O-O Qc7 7.Qe2 d6 8.c4 g6 
9.Nc3 Bg7 10.Nf3 O-O 11.Bf4 Nfd7 12.Rac1 Ne5 13.Rfd1 Nbd7 14.Nd2 b6 15.Bb1
Bb7 16.Be3 f5 17.Bd4 f4 18.Nf3 Nxf3+ 19.Qxf3 Ne5 20.Qh3 Rae8 21.Na4 f3 22.
g3 Nd7 23.Bxg7 Kxg7 24.Qf1 Nc5 25.Nc3 e5 26.Nd5 Qd8 27.Qe1 Ne6 28.Qe3 Bxd5
29.Rxd5 Nd4 30.Rd1 Rf6 31.Bd3 Qc8 32.Bf1 Ref8 33.Kh1 Qg4 34.h3 Qc8 35.Qa3 
Rd8 36.Qb4 Qc7 37.Qd2 a5 38.Kh2 Rdf8 39.Kg1 Qc8 40.b4 axb4 41.Qxb4 Qc7 42.
Bd3 Ra8 43.Rd2 Nc6 44.Qb2 Rff8 45.Rb5 Rfb8 46.Bc2 Ra5 47.Bd1 Qd8 48.Bxf3 
Nd4 49.Rxd4 Rxb5 50.cxb5 exd4 51.Qxd4+ Qf6 52.Qe3 Qe5 53.Bg4 h5 54.Bd7 Qc5
55.Qd2 Rf8 56.h4 Qe5 57.Bc6 Rf3 58.Kg2 Rc3 59.Qg5 Qxg5 60.hxg5 Rc5 61.f4 
Rc2+ 62.Kh3 Rxa2 63.g4 Ra3+ 64.Kh4 Rf3 65.gxh5 Rxf4+ 66.Kg3 Rf1 67.h6+ 
1/2-1/2

[Event "Mediterranean zonal 5 (w)"]
[Site "Pula YUG"]
[Date "1990.??.??"]
[Round "?"]
[White "Kondou, Eva"]
[Black "Makropoulou, Marina"]
[Result "0-1"]
[WhiteElo "2240"]
[BlackElo "2230"]
[EventDate "1990.??.??"]
[PlyCount "80"]

1.e4 c5 2.Nf3 Nc6 3.d4 cxd4 4.Nxd4 Qc7 5.Nb5 Qb8 6.c4 Nf6 7.N1c3 a6 8.Na3 
e6 9.Nc2 b5 10.cxb5 axb5 11.Bd3 b4 12.Ne2 Ne5 13.f4 Nxd3+ 14.Qxd3 Ba6 15.
Qf3 Qb7 16.e5 Qxf3 17.gxf3 Nd5 18.Rg1 g6 19.Ne3 Nxe3 20.Bxe3 Bc4 21.Kf2 
Be7 22.Rgc1 Bd5 23.a4 O-O 24.Bc5 Bxc5+ 25.Rxc5 f6 26.Rb5 fxe5 27.a5 b3 28.
Nc3 Bc6 29.Rxb3 Rxf4 30.Ne2 Rff8 31.Kg3 Ra6 32.Re3 Rb8 33.Rxe5 Rxb2 34.Nd4
Bd5 35.Re2 Rb4 36.Rd2 Kf7 37.f4 Kf6 38.Kf2 Rc4 39.Ra3 Rc5 40.Ke3 Rcxa5 0-1

[Event "Mediterranean zonal 5 (w)"]
[Site "Pula YUG"]
[Date "1990.??.??"]
[Round "?"]
[White "Kondou, Eva"]
[Black "Markovic-Jovanovic, Gordana"]
[Result "1/2-1/2"]
[WhiteElo "2240"]
[BlackElo "2230"]
[EventDate "1990.??.??"]
[PlyCount "88"]

1.e4 e5 2.Nf3 Nc6 3.Bb5 Nd4 4.Nxd4 exd4 5.O-O Bc5 6.Bc4 d6 7.d3 Ne7 8.Qh5 
Ng6 9.f4 c6 10.Bxf7+ Kxf7 11.f5 Kg8 12.fxg6 Be6 13.Bg5 Qd7 14.Nd2 Re8 15.
Nb3 Bb6 16.Rf2 hxg6 17.Qxg6 Bf7 18.Qf5 Be6 19.Qf4 c5 20.Nd2 d5 21.e5 Bc7 
22.Raf1 Qa4 23.Be7 Bd8 24.Bxd8 Rxd8 25.Qg5 Re8 26.Rf4 Qxc2 27.Qg6 Qa4 28.
Rf7 Bxf7 29.Qxf7+ Kh7 30.Qh5+ Kg8 31.Qf7+ Kh7 32.Rf3 Qd1+ 33.Nf1 Qxf3 34.
Qxf3 Rxe5 35.Qh3+ Kg8 36.Qc8+ Kh7 37.Qh3+ Kg8 38.Qf3 Rh6 39.Qf4 Re1 40.
Qb8+ Kh7 41.Kf2 Rb1 42.Nd2 Rxb2 43.Ke1 Ra6 44.Qe8 Raxa2 1/2-1/2

[Event "Mediterranean zonal 5 (w)"]
[Site "Pula YUG"]
[Date "1990.??.??"]
[Round "?"]
[White "Kondou, Eva"]
[Black "Nikolin, Zorica"]
[Result "0-1"]
[WhiteElo "2240"]
[BlackElo "2220"]
[EventDate "1990.??.??"]
[PlyCount "152"]

1.e4 e5 2.Nf3 Nc6 3.Bb5 a6 4.Ba4 d6 5.O-O Nf6 6.Re1 Bg4 7.h3 Bh5 8.c3 Qd7 
9.d4 b5 10.Bb3 Be7 11.d5 Na5 12.Bc2 g5 13.Bxg5 Rg8 14.Bxf6 Qxh3 15.Ng5 
Qxg2+ 16.Kxg2 Bxd1 17.Rxd1 Bxf6 18.a4 Rxg5+ 19.Kf3 bxa4 20.Bxa4+ Ke7 21.b4
Nc4 22.Bc6 Ra7 23.Bb5 Nb6 24.Rh1 h5 25.Nd2 Ra8 26.Bc6 Rh8 27.Rxa6 Rg4 28.
Ra7 Kd8 29.c4 Bg5 30.c5 Nc8 31.Ra2 Bxd2 32.Rxd2 Rf4+ 33.Ke3 h4 34.Rh3 f5 
35.f3 fxe4 36.fxe4 Rg8 37.Rf2 Rxf2 38.Kxf2 Rg4 39.Ke3 Ne7 40.Rf3 Nxc6 41.
dxc6 dxc5 42.bxc5 Ke7 43.Rf5 Rg3+ 44.Kd2 Ke6 45.Rh5 h3 46.Rh7 Rg2+ 47.Kd3 
h2 48.Rh6+ Kf7 49.Kc4 Kg7 50.Rh3 Rd2 51.Kc3 Rf2 52.Kc4 Kf6 53.Rh8 Rd2 54.
Kc3 Rg2 55.Kc4 Kg7 56.Rh3 Rd2 57.Kc3 Re2 58.Kd3 Rf2 59.Kc4 Kf6 60.Rh8 Kg5 
61.Kd5 Kf4 62.Rf8+ Kg3 63.Rg8+ Kf3 64.Rf8+ Kg2 65.Rg8+ Kf1 66.Rh8 Kg1 67.
Kxe5 Rf8 68.Rxf8 h1=Q 69.Ke6 Qh3+ 70.Ke7 Qh6 71.Rf6 Qg5 72.e5 Qxe5+ 73.Re6
Qxc5+ 74.Kd7 Qd5+ 75.Ke7 Kf2 76.Kf6 Kf3 0-1

[Event "Mediterranean zonal 5 (w)"]
[Site "Pula YUG"]
[Date "1990.??.??"]
[Round "?"]
[White "Kondou, Eva"]
[Black "Oney, Fatmanur"]
[Result "1-0"]
[WhiteElo "2240"]
[BlackElo "2020"]
[EventDate "1990.??.??"]
[PlyCount "35"]

1.Nf3 c5 2.e4 Nc6 3.d4 cxd4 4.Nxd4 Nf6 5.Nc3 g6 6.Nxc6 bxc6 7.e5 Nd5 8.
Nxd5 cxd5 9.Qxd5 Rb8 10.e6 fxe6 11.Qe5 Rxb2 12.Bxb2 Rg8 13.Qe3 Qc7 14.Bd3 
Bb7 15.Bd4 d6 16.O-O e5 17.Bxa7 Bg7 18.Rab1 1-0

[Event "Mediterranean zonal 5 (w)"]
[Site "Pula YUG"]
[Date "1990.??.??"]
[Round "?"]
[White "Makropoulou, Marina"]
[Black "Micic, Jordanka"]
[Result "1-0"]
[WhiteElo "2230"]
[BlackElo "2210"]
[EventDate "1990.??.??"]
[PlyCount "83"]

1.e4 e5 2.Nf3 Nc6 3.Bb5 f5 4.Nc3 fxe4 5.Nxe4 Nf6 6.Qe2 d5 7.Nxf6+ gxf6 8.
d4 Bg7 9.Be3 O-O 10.O-O-O a6 11.Ba4 b5 12.Bb3 Na5 13.h3 Nc4 14.g4 c6 15.
Nh4 Nxe3 16.fxe3 f5 17.Nxf5 Bxf5 18.gxf5 exd4 19.exd4 Qg5+ 20.Kb1 Rae8 21.
Qg4 Qxf5 22.Rhg1 Re7 23.Qxf5 Rxf5 24.Rg3 Kf7 25.a4 Rf2 26.Rc3 Re6 27.Ka2 
Rf4 28.Rcd3 Re2 29.c3 Bh6 30.Rb1 Rh2 31.Bd1 Rff2 32.Bg4 Ke7 33.Rdd1 Bd2 
34.Kb3 bxa4+ 35.Kxa4 Rf8 36.Rf1 Rb8 37.Rf3 Bg5 38.Re1+ Kd6 39.Rf7 Be7 40.
Re6+ Kc7 41.Rfxe7+ Kb6 42.Re2 1-0

[Event "Mediterranean zonal 5 (w)"]
[Site "Pula YUG"]
[Date "1990.??.??"]
[Round "?"]
[White "Makropoulou, Marina"]
[Black "Maksimovic, Suzana"]
[Result "1/2-1/2"]
[WhiteElo "2230"]
[BlackElo "2280"]
[EventDate "1990.??.??"]
[PlyCount "23"]

1.e4 c5 2.Nf3 e6 3.Nc3 Nc6 4.Bb5 Nge7 5.d4 cxd4 6.Nxd4 Nxd4 7.Qxd4 Nc6 8.
Qe3 Bb4 9.O-O O-O 10.a3 Bd6 11.Kh1 a6 12.Be2 1/2-1/2

[Event "Mediterranean zonal 5 (w)"]
[Site "Pula YUG"]
[Date "1990.??.??"]
[Round "?"]
[White "Makropoulou, Marina"]
[Black "Basagic, Vesna"]
[Result "1/2-1/2"]
[WhiteElo "2230"]
[BlackElo "2270"]
[EventDate "1990.??.??"]
[PlyCount "25"]

1.e4 e5 2.Nf3 Nc6 3.Bb5 Bc5 4.O-O Nf6 5.Nxe5 Nxe5 6.d4 a6 7.Be2 Nxe4 8.
dxe5 d5 9.exd6 Qxd6 10.Qxd6 Nxd6 11.Nc3 Be6 12.Bf4 O-O-O 13.Rad1 1/2-1/2

[Event "Mediterranean zonal 5 (w)"]
[Site "Pula YUG"]
[Date "1990.??.??"]
[Round "?"]
[White "Makropoulou, Marina"]
[Black "Oney, Fatmanur"]
[Result "1-0"]
[WhiteElo "2230"]
[BlackElo "2020"]
[EventDate "1990.??.??"]
[PlyCount "47"]

1.Nf3 c5 2.e4 Nc6 3.Bb5 Qc7 4.O-O Nd4 5.Nxd4 cxd4 6.c3 a6 7.Bd3 dxc3 8.
Nxc3 g6 9.Nd5 Qc5 10.b4 Qd6 11.Bb2 f6 12.Qc2 Rb8 13.Bd4 b5 14.Ba7 Kd8 15.
Rac1 Bb7 16.Bb6+ Ke8 17.Bc7 Rc8 18.Bxd6 Rxc2 19.Rxc2 exd6 20.Rc7 Bc6 21.
Ra7 Bg7 22.Rc1 Ne7 23.Nxe7 Kxe7 24.Rxc6 1-0

[Event "Mediterranean zonal 5 (w)"]
[Site "Pula YUG"]
[Date "1990.??.??"]
[Round "?"]
[White "Makropoulou, Marina"]
[Black "Petraki, Maria"]
[Result "1-0"]
[WhiteElo "2230"]
[BlackElo "2055"]
[EventDate "1990.??.??"]
[PlyCount "91"]

1.e4 e6 2.d4 d5 3.Nc3 Bb4 4.e5 c5 5.Bd2 Ne7 6.f4 Nbc6 7.Nf3 Nf5 8.dxc5 
Bxc5 9.Bd3 a6 10.Qe2 b5 11.O-O-O Bb7 12.Kb1 Ncd4 13.Nxd4 Nxd4 14.Qg4 Qd7 
15.Be3 Qc7 16.Bxd4 Bxd4 17.Bxb5+ axb5 18.Rxd4 O-O 19.Rhd1 Rfc8 20.Qe2 Ba6 
21.Rb4 Qa5 22.Rdd4 Rc4 23.Rbxc4 bxc4 24.Qe3 Qb6 25.Kc1 Rb8 26.Nd1 Qa5 27.
a3 Qb6 28.Qc3 Qc7 29.Rd2 Qe7 30.Qd4 Bc8 31.Ne3 g6 32.Ng4 Kg7 33.Nf6 Qb7 
34.h4 Qb6 35.Ne8+ Kf8 36.Qxb6 Rxb6 37.Nd6 Rb8 38.b4 Ba6 39.c3 Bb5 40.g4 
Ba4 41.f5 Ke7 42.f6+ Kf8 43.Rh2 h6 44.Kd2 Bb3 45.Rh1 Ra8 46.b5 1-0

[Event "Mediterranean zonal 5 (w)"]
[Site "Pula YUG"]
[Date "1990.??.??"]
[Round "?"]
[White "Maksimovic, Suzana"]
[Black "Kondou, Eva"]
[Result "1-0"]
[WhiteElo "2280"]
[BlackElo "2240"]
[EventDate "1990.??.??"]
[PlyCount "47"]

1.d4 f5 2.Nc3 d5 3.Bg5 g6 4.h4 Bg7 5.h5 Be6 6.Nh3 Bf7 7.Nf4 c6 8.e3 Qb6 9.
Qd2 Nd7 10.hxg6 hxg6 11.Rxh8 Bxh8 12.O-O-O Ngf6 13.Be2 O-O-O 14.Rh1 Qa5 
15.Kb1 Bg7 16.Nd3 c5 17.Bf4 Nh5 18.Nxd5 b6 19.Nxe7+ Kb7 20.Bf3+ Ka6 21.
Qxa5+ bxa5 22.Bc7 Re8 23.Nc6 cxd4 24.Nd8 1-0

[Event "Mediterranean zonal 5 (w)"]
[Site "Pula YUG"]
[Date "1990.??.??"]
[Round "?"]
[White "Maksimovic, Suzana"]
[Black "Markovic-Jovanovic, Gordana"]
[Result "1-0"]
[WhiteElo "2280"]
[BlackElo "2230"]
[EventDate "1990.??.??"]
[PlyCount "99"]

1.d4 d5 2.c4 c6 3.Nc3 Nf6 4.Nf3 dxc4 5.a4 Bg4 6.Ne5 Bh5 7.g3 e6 8.Bg2 Bb4 
9.O-O Nd5 10.Nxc4 O-O 11.Qd3 Be7 12.a5 Nb4 13.Qd2 N8a6 14.e4 Qc7 15.b3 
Rad8 16.Bb2 f6 17.Na4 Qb8 18.Bc3 c5 19.d5 Bf7 20.Ne3 Nc7 21.Bxb4 cxb4 22.
Rfe1 Rfe8 23.Rac1 Bf8 24.Nc5 b6 25.axb6 axb6 26.Na4 exd5 27.exd5 Re5 28.
Red1 Bh5 29.g4 Bf7 30.Qc2 b5 31.Qxc7 bxa4 32.bxa4 b3 33.Qc3 Bg6 34.Qb2 h5 
35.Rc3 Qa7 36.Qxb3 hxg4 37.d6+ Bf7 38.Qb4 Ra5 39.Rc7 Rxa4 40.Qc3 Qa5 41.
Qc6 Ra1 42.Rxf7 Rxd1+ 43.Nxd1 Qe1+ 44.Bf1 Qxd1 45.Qc4 Kh8 46.d7 Qd6 47.
Qxg4 Rb8 48.Qh5+ Kg8 49.Bc4 Qf4 50.Rxf8+ 1-0

[Event "Mediterranean zonal 5 (w)"]
[Site "Pula YUG"]
[Date "1990.??.??"]
[Round "?"]
[White "Maksimovic, Suzana"]
[Black "Petraki, Maria"]
[Result "1-0"]
[WhiteElo "2280"]
[BlackElo "2055"]
[EventDate "1990.??.??"]
[PlyCount "143"]

1.d4 e6 2.c4 Nf6 3.Nc3 Bb4 4.e3 b6 5.Bd3 Bb7 6.Ne2 Bxg2 7.Rg1 Be4 8.Bxe4 
Nxe4 9.Qc2 Qh4 10.Nf4 Bxc3+ 11.bxc3 Nd6 12.Qe2 Nc6 13.Ba3 Nf5 14.Qf3 O-O-O
15.O-O-O g5 16.Nd3 f6 17.Kb1 Qh6 18.c5 Nh4 19.Qe2 Qg6 20.Ka1 Qe4 21.Rb1 
Nf3 22.cxb6 Nxg1 23.b7+ Kb8 24.Qc2 Qd5 25.Nc5 Qc4 26.Rxg1 Rhe8 27.Rb1 d6 
28.Ne4 Rf8 29.Nd2 Qa6 30.Qb3 Rfe8 31.c4 e5 32.d5 Ne7 33.Ne4 f5 34.Nxg5 Rg8
35.Ne6 Rd7 36.c5 Nxd5 37.Nxc7 Rxc7 38.Qxd5 Rd8 39.cxd6 Rcd7 40.Bc5 Rxd6 
41.Qxe5 Qd3 42.f4 Qd5 43.Bxd6+ Rxd6 44.Qh8+ Rd8 45.Qc3 Qd6 46.h4 Re8 47.h5
Qe6 48.Qd4 Qc6 49.a3 Qc7 50.Rb5 Qc1+ 51.Ka2 Qc2+ 52.Rb2 Qc6 53.a4 Qe6+ 54.
Kb1 Qc6 55.Rc2 Qe6 56.Qc5 Qb3+ 57.Kc1 Qxe3+ 58.Qxe3 Rxe3 59.Rc5 Kxb7 60.
Rxf5 Ra3 61.a5 Kc6 62.Kb2 Rh3 63.Kc2 Kd6 64.Kd2 Ke6 65.Rc5 Kf6 66.Rc7 Rxh5
67.Rxa7 Rh3 68.Ra8 Ra3 69.a6 Kf7 70.a7 Kg7 71.f5 h6 72.f6+ 1-0

[Event "Mediterranean zonal 5 (w)"]
[Site "Pula YUG"]
[Date "1990.??.??"]
[Round "?"]
[White "Markovic-Jovanovic, Gordana"]
[Black "Micic, Jordanka"]
[Result "1/2-1/2"]
[WhiteElo "2230"]
[BlackElo "2210"]
[EventDate "1990.??.??"]
[PlyCount "120"]

1.e4 e5 2.f4 d5 3.exd5 exf4 4.Nf3 Nf6 5.Bb5+ c6 6.dxc6 Nxc6 7.d4 Bd6 8.
Qe2+ Be6 9.Ng5 O-O 10.Nxe6 fxe6 11.Bxc6 bxc6 12.Qxe6+ Kh8 13.O-O Qc7 14.
Nd2 Rae8 15.Qh3 Re2 16.c3 c5 17.Nc4 cxd4 18.Nxd6 Qxd6 19.Bxf4 Qb6 20.Kh1 
dxc3 21.bxc3 Rfe8 22.Qf3 Qb2 23.h3 Rc2 24.Bg5 Qxc3 25.Qxc3 Rxc3 26.Rxf6 
Rc5 27.Be3 Rce5 28.Rf7 Rxe3 29.Rxa7 h6 30.Rf1 Rg3 31.Rf2 Rg5 32.Kh2 Re1 
33.Ra8+ Kh7 34.Ra7 Rc1 35.Ra3 Rd5 36.Ra7 Rg5 37.Ra3 Rd5 38.Rf7 Rg5 39.Rg3 
Rxg3 40.Kxg3 Ra1 41.Rf2 g5 42.Kf3 Kg6 43.Ke3 Kh5 44.Kd3 Kh4 45.Kc3 h5 46.
Kb3 g4 47.hxg4 hxg4 48.a4 Kg3 49.Rb2 Kh2 50.Kb4 g3 51.a5 Rf1 52.a6 Rf2 53.
Kc3 Rf7 54.Kc4 Rf4+ 55.Kb3 Rf6 56.Ra2 Rxa6 57.Rxa6 Kxg2 58.Kc3 Kf2 59.Rf6+
Ke2 60.Re6+ Kf2 1/2-1/2

[Event "Mediterranean zonal 5 (w)"]
[Site "Pula YUG"]
[Date "1990.??.??"]
[Round "?"]
[White "Markovic-Jovanovic, Gordana"]
[Black "Bojkovic, Natasa"]
[Result "0-1"]
[WhiteElo "2230"]
[BlackElo "2270"]
[EventDate "1990.??.??"]
[PlyCount "84"]

1.f4 c5 2.Nf3 e6 3.e4 Nc6 4.d3 d6 5.Be2 Nf6 6.O-O Be7 7.c3 Bd7 8.Na3 O-O 
9.Nc2 c4 10.e5 cxd3 11.Bxd3 Ne8 12.Kh1 f5 13.exf6 Nxf6 14.Qe2 Kh8 15.Ng5 
e5 16.Ne3 h6 17.Nh3 e4 18.Bc2 d5 19.Rd1 Be6 20.f5 Bf7 21.Nf4 d4 22.cxd4 
Nxd4 23.Qf2 Rc8 24.Bb3 Nxb3 25.Rxd8 Nxa1 26.Rxf8+ Bxf8 27.Bd2 Nc2 28.Bc3 
Bc5 29.Qxc2 Bxe3 30.Ne6 Bb6 31.h3 Rc6 32.Nf4 Rc5 33.Ng6+ Kh7 34.Qe2 Rxf5 
35.Ne7 Rf2 36.Qb5 e3 37.Be1 Rf4 38.Qd3+ g6 39.g3 Re4 40.b3 Rxe7 41.Qd6 
Bd5+ 42.Kh2 Rc7 0-1